000 00838nam a22002177a 4500
999 _c1107
_d1107
003 AR-CdUCM
008 190226b ||||| |||| 00| 0 spa d
040 _aMUNICIPALIDAD PROVINCIAL DEL CUSCO
_cBIBLIOTECA MUNICIPAL DEL CUSCO
082 _23ra. ed.
_a320 /
_bM26
100 _aMarianetti, Benito
_94331
245 _aLa conquista del Poder:
_bEl Estado - La democracia - El Proletariado en Armas - El proletariado en el Poder /
_cMarianetti, Benito
260 _aBuenos Aires - Argentina:
_bClaridad ,
_cSF.
300 _a144 paginas :
_c18.3 cm.
505 _aPensamiento de Lennin -- Una tecnica del Golpe de Estado -- El proletariado de Armas...
650 _aLennin.
_94332
650 _aSocialismo.
_91037
650 _aProletariado.
_94333
700 _aMarianetti, Benito
_94331
942 _2ddc
_cLIBROS
945 _artm
_d2019-02-26